<?xml version="1.0" encoding="UTF-8"?><?xml-stylesheet type="text/xsl" href="static/style.xsl"?><OAI-PMH xmlns="http://www.openarchives.org/OAI/2.0/" xmlns:xsi="http://www.w3.org/2001/XMLSchema-instance" xsi:schemaLocation="http://www.openarchives.org/OAI/2.0/ http://www.openarchives.org/OAI/2.0/OAI-PMH.xsd"><responseDate>2026-06-01T12:32:41Z</responseDate><request verb="GetRecord" identifier="oai:riuma.uma.es:10630/24305" metadataPrefix="marc">https://riuma.uma.es/rest/oai/request</request><GetRecord><record><header><identifier>oai:riuma.uma.es:10630/24305</identifier><datestamp>2026-02-03T10:27:57Z</datestamp><setSpec>com_10630_1685</setSpec><setSpec>col_10630_38056</setSpec></header><metadata><record xmlns="http://www.loc.gov/MARC21/slim" xmlns:dcterms="http://purl.org/dc/terms/" xmlns:doc="http://www.lyncode.com/xoai" xmlns:xsi="http://www.w3.org/2001/XMLSchema-instance" xsi:schemaLocation="http://www.loc.gov/MARC21/slim http://www.loc.gov/standards/marcxml/schema/MARC21slim.xsd">
   <leader>00925njm 22002777a 4500</leader>
   <datafield ind2=" " ind1=" " tag="042">
      <subfield code="a">dc</subfield>
   </datafield>
   <datafield ind2=" " ind1=" " tag="720">
      <subfield code="a">Zambrana Lebrón, Cristina</subfield>
      <subfield code="e">author</subfield>
   </datafield>
   <datafield ind2=" " ind1=" " tag="260">
      <subfield code="c">2022</subfield>
   </datafield>
   <datafield ind2=" " ind1=" " tag="520">
      <subfield code="a">El turismo de lujo es un nicho de mercado que en estos momentos está en crecimiento, pero España todavía no es un destino consolidado en este sentido. Esto puede deberse, en parte, a la falta de guías especializados en este tipo de turismo. La Costa del Sol cuenta con este tipo de turismo bastante consolidado, la llegada de turistas de Estados Unidos y de Rusia a hoteles y apartamentos crece un 11,5 y un 10%. El turista ruso llega al destino con un presupuesto del viaje de 1.451 euros, lo que supone un 55% superior al turista medio de este destino (Martínez, 2017).&#xd;
También tenemos que tener en cuenta que el turismo gastronómico es un producto que nunca pasa de moda, porque la gastronomía forma parte de la cultura de un destino (Doblemente, 2017).&#xd;
Este proyecto se centra en diseñar una aplicación de reserva y guía de restaurantes de calidad y exclusivos en la provincia de Málaga, intentando que sea un diseño diferenciador al incorporar la posibilidad de contratar un servicio de transporte con conductor para el traslado de los turistas a su reserva. Además, se desarrollará un prototipo para dispositivos Android</subfield>
   </datafield>
   <datafield ind1="8" ind2=" " tag="024">
      <subfield code="a">https://hdl.handle.net/10630/24305</subfield>
   </datafield>
   <datafield tag="653" ind2=" " ind1=" ">
      <subfield code="a">Gastronomía</subfield>
   </datafield>
   <datafield tag="653" ind2=" " ind1=" ">
      <subfield code="a">Restauración</subfield>
   </datafield>
   <datafield tag="653" ind2=" " ind1=" ">
      <subfield code="a">Turismo gastronómico</subfield>
   </datafield>
   <datafield tag="653" ind2=" " ind1=" ">
      <subfield code="a">Turismo - Innovaciones tecnológicas</subfield>
   </datafield>
   <datafield tag="653" ind2=" " ind1=" ">
      <subfield code="a">Costa del Sol - Circuitos turísticos</subfield>
   </datafield>
   <datafield tag="653" ind2=" " ind1=" ">
      <subfield code="a">Universidad de Málaga - Facultad de Turismo - Trabajos fín de Máster</subfield>
   </datafield>
   <datafield tag="653" ind2=" " ind1=" ">
      <subfield code="a">Hostelería - Garantía de calidad</subfield>
   </datafield>
   <datafield tag="653" ind2=" " ind1=" ">
      <subfield code="a">Turistas - Transporte</subfield>
   </datafield>
   <datafield tag="653" ind2=" " ind1=" ">
      <subfield code="a">Turismo - Proceso de datos</subfield>
   </datafield>
   <datafield tag="653" ind2=" " ind1=" ">
      <subfield code="a">Aplicaciones informaticas</subfield>
   </datafield>
   <datafield ind2="0" ind1="0" tag="245">
      <subfield code="a">Diseño e implementación de una aplicación móvil de restaurantes de calidad en la provincia de Málaga</subfield>
   </datafield>
</record>
</metadata></record></GetRecord></OAI-PMH>